| 000 | 00701nam a22002415i 4500 | ||
|---|---|---|---|
| 001 | 11094 | ||
| 003 | ES-MaACL | ||
| 005 | 20240510063018.0 | ||
| 007 | t| | ||
| 008 | 940513s1996 sp ||||0| spa j | ||
| 020 | _a8486351731 | ||
| 080 | _a860-14"19" | ||
| 100 | 1 |
_aGarcía del Corral, José Luis. _954512 |
|
| 245 | 1 | 3 |
_aEl Viaje a Mahón / _cJosé Luis García del Corral. |
| 250 | _a[1ª ed.]. | ||
| 260 |
_aHumanes, Madrid : _bJuan Pastor, _c1996. |
||
| 300 |
_a49 p. ; _c21 cm. |
||
| 490 | 1 |
_aDevenir. Serie Poesía ; _v93 |
|
| 830 | 0 | 0 |
_aDevenir. _pSerie Poesía ; _v93 _9236243 |
| 852 |
_aES-MaACL _jP-1931 N 93 _bR.124894 _911393 |
||
| 942 | _2udc | ||
| 999 |
_c11094 _d11094 |
||